Every player to beat Rafael Nadal in a Grand Slam tournament - Statistics

General Stats
  • This quiz has been taken 702 times
  • The average score is 20 of 34
Answer Stats
Game Player % Correct
2017 (Final) Roger Federer
100%
2006 (Final) Roger Federer
100%
2007 (Final) Roger Federer
100%
2012 (Final) Novak Djokovic
99%
2015 (Quarter Final) Novak Djokovic
99%
2011 (Final) Novak Djokovic
99%
2011 (Final) Novak Djokovic
99%
2010 (Quarter Final) Andy Murray
90%
2008 (Semi Final) Andy Murray
90%
2014 (Final) Stan Wawrinka
84%
2009 (Semi Final) Juan Martin Del Potro
76%
2009 (4th Round) Robin Söderling
76%
2018 (Quarter Final) Marin Čilić
70%
2008 (Semi Final) Jo-Wilfried Tsonga
65%
2011 (Quarter Final) David Ferrer
64%
2007 (4th Round) David Ferrer
64%
2014 (4th Round) Nick Kyrgios
60%
2004 (2nd Round) Andy Roddick
59%
2015 (2nd Round) Dustin Brown
55%
2004 (3rd Round) Lleyton Hewitt
52%
2005 (4th Round) Lleyton Hewitt
52%
2015 (Quarter Final) Tomás Berdych
49%
2015 (3rd Round) Fabio Fognini
40%
2016 (1st Round) Fernando Verdasco
39%
2005 (2nd Round) Gilles Müller
39%
2017 (4th Round) Gilles Müller
39%
2012 (2nd Round) Lukás Rosol
35%
2013 (1st Round) Steve Darcis
30%
2016 (4th Round) Lucas Pouille
28%
2007 (Quarter final) Fernando González
27%
2005 (3rd Round) James Blake
23%
2006 (Quarter Final) Mikhail Youzhny
15%
2003 (2nd Round) Younès El Aynaoui
2%
2003 (3rd Round) Paradorn Srichaparn
0%
No matching quizzes found
Score Distribution
Percent of People with Each Score
Percentile by Number Answered
Your Score History
You have not taken this quiz